00274 a2200133 4500001000700000020001800007040001100025100001900036240003300055245002800088300000700116362000900123440000800132183414 a85-322-2599-3 cMagnum aReyes, Yolanda10aTerça-feira: 5ª aulalpor10aTerça-feira: 5ª aula a290 a1997 1aFTD